Matta: cartas a Ramuntcho
Kaydedildi:
| Asıl Yazarlar: | , |
|---|---|
| Materyal Türü: | Kitap |
| Dil: | İspanyolca |
| Baskı/Yayın Bilgisi: |
Santiago, Chile
Aguilar Chilena de Ediciones S. A
2011
|
| Edisyon: | 1a. ed |
| Konular: | |
| Online Erişim: | Disponible Online |
| Etiketler: |
Etiketle
Etiket eklenmemiş, İlk siz ekleyin!
|
MARC
| LEADER | 00000cam a2200000 a 4500 | ||
|---|---|---|---|
| 001 | UCE1825 | ||
| 003 | CL-VaPUC | ||
| 005 | 20250320154150.0 | ||
| 008 | 140519e20110400cl |||||||||||||||||spa|d | ||
| 999 | |c 355509 |d 355507 | ||
| 020 | |a 9789562399579 | ||
| 040 | |c Pontificia Universidad Católica de Valparaíso | ||
| 082 | 0 | 4 | |a 927.983 MAT 2011 |2 21 |
| 100 | |a Matta, Ramuntcho |e autor |9 574220 | ||
| 245 | 1 | 0 | |a Matta: |b cartas a Ramuntcho |
| 250 | |a 1a. ed | ||
| 260 | |a Santiago, Chile |b Aguilar Chilena de Ediciones S. A |c 2011 | ||
| 300 | |a 28 páginas | ||
| 583 | |a last modification |c 20140519 10:12:00 |k Rodrigo Vera | ||
| 600 | 0 | |a Matta, Roberto, |d 1911-2002 |9 474854 | |
| 650 | 0 | |a Biografías |9 255210 | |
| 650 | 0 | |a Pintura chilena |y Siglo 20 |9 860640 | |
| 650 | 0 | |a Pintores chilenos Siglo 20 |2 CL-VaPUC |9 314455 | |
| 650 | 0 | |a Correspondencia |9 258963 | |
| 700 | 0 | |a Ortiz de Rozas, Marilú |e author |9 574221 | |
| 856 | |u https://bibliografiadigital.pucv.cl/index.php/bibliotecapucv/catalog/book/338 |y Disponible Online | ||
| 942 | |c BK |2 ddc | ||
| 945 | |d 20140519 10:12:00 |a dcastane | ||
| 952 | |0 0 |1 0 |2 ddc |3 erb |4 0 |6 927_983000000000000_MAT_2011 |7 0 |8 R |9 462265 |a BIBART |b BIBART |i 507519K |l 3 |o 927.983 MAT 2011 |p 507519K |r 2025-03-13 |s 2022-10-12 |w 2019-11-23 |y BK_R |z Catalogado en:20140519 |k ART | ||